বুদ্ধদেব বসুর উপন্যাসে নৈঃসঙ্গ্যচেতনার / (Record no. 74196)
[ view plain ]
| 000 -LEADER | |
|---|---|
| fixed length control field | 00977nam a2200241 a 4500 |
| 001 - CONTROL NUMBER | |
| control field | 74196 |
| 003 - CONTROL NUMBER IDENTIFIER | |
| rucl marc code | BD-RjUL |
| 005 - DATE AND TIME OF LATEST TRANSACTION | |
| control field | 20211209082518.0 |
| 008 - FIXED-LENGTH DATA ELEMENTS--GENERAL INFORMATION | |
| fixed length control field | 180322s2013 bg ||||| b||| 001 0 ben d |
| 020 ## - INTERNATIONAL STANDARD BOOK NUMBER | |
| International Standard Book Number | 9789842002373 |
| Terms of availability | Tk.600.00 |
| 035 ## - SYSTEM CONTROL NUMBER | |
| System control number | (BD-RjUL)74414 |
| 040 ## - CATALOGING SOURCE | |
| Original cataloging agency | BD-RjUL |
| Language of cataloging | eng |
| Transcribing agency | BD-RjUL |
| 041 ## - LANGUAGE CODE | |
| Language code of text/sound track or separate title | ben |
| 082 ## - DEWEY DECIMAL CLASSIFICATION NUMBER | |
| Edition number | 23 |
| Classification number | 891.4409 |
| Author mark and year | GOB 2013 |
| 100 1# - MAIN ENTRY--PERSONAL NAME | |
| Personal name | ঘোষ, বিশ্বজিৎ |
| 9 (RLIN) | 220715 |
| 245 10 - TITLE STATEMENT | |
| Title | বুদ্ধদেব বসুর উপন্যাসে নৈঃসঙ্গ্যচেতনার / |
| Statement of responsibility, etc. | বিশ্বজিৎ ঘোষ, |
| 260 ## - PUBLICATION, DISTRIBUTION, ETC. (IMPRINT) | |
| Place of publication, distribution, etc. | ঢাকা : |
| Name of publisher, distributor, etc. | অ্যাডন পাব , |
| Date of publication, distribution, etc. | ২০১৩ |
| 300 ## - PHYSICAL DESCRIPTION | |
| Pagination | ৩৬০ পৃ. : |
| Size | ২২ সেমি. |
| 504 ## - BIBLIOGRAPHY, ETC. NOTE | |
| Bibliography, etc | গ্রন্থপঞ্জি সংযোজিত |
| 650 ## - SUBJECT ADDED ENTRY--TOPICAL TERM | |
| Topical term or geographic name as entry element | বাংলা সাহিত্য |
| Form subdivision | ইতিহাস ও সমালোচনা |
| 9 (RLIN) | 220716 |
| Topical term or geographic name as entry element | Bengali Literature |
| Form subdivision | History and Criticism |
| 9 (RLIN) | 220717 |
| 942 ## - ADDED ENTRY ELEMENTS (KOHA) | |
| Source of classification or shelving scheme | Dewey Decimal Classification |
| Koha item type | Books |
| Lost status | Source of classification or shelving scheme | Damaged status | Not for loan | Collection code | Permanent Location | Current Location | Shelving location | Date acquired | Source of acquisition | Cost, normal purchase price | Total Checkouts | Full call number | Date last seen | Copy number | Koha item type |
|---|---|---|---|---|---|---|---|---|---|---|---|---|---|---|---|
| Dewey Decimal Classification | Non-fiction | Central Library, University of Rajshahi | Central Library, University of Rajshahi | 23/03/2017 | Rajshahi News home | 600.00 | B 891.4409 GOB 2013 | 22/03/2018 | C-2 | Books | |||||
| Dewey Decimal Classification | Non-fiction | Central Library, University of Rajshahi | Central Library, University of Rajshahi | 23/03/2017 | Rajshahi News home | 600.00 | B 891.4409 GOB 2013 | 22/03/2018 | C-3 | Books | |||||
| Dewey Decimal Classification | Not For Loan | Non-fiction | Central Library, University of Rajshahi | Central Library, University of Rajshahi | Reading Room | 23/03/2017 | Rajshahi News home | 600.00 | B 891.4409 GOB 2013 | 22/03/2018 | C-1 | Books |